01569nam a2200313Ia 4500001001200000003000800012006001900020007001500039008004100054020001800095020001500113040002100128035002100149050002700170245034500197260005800542300003000600504004100630533015200671650002900823650003700852650004600889655002900935700001900964700002500983710010401008710001701112856012601129ebr10178152CaPaEBRm u cr cn|||||||||070725s2007 dcuab sb 000 0 eng d z9780309105002 z0309105005 aCaPaEBRcCaPaEBR a(OCoLC)23634452514aHV551.4.L8bE58 2007eb00aEnvironmental public health impacts of disastersh[electronic resource] :bHurricane Katrina : workshop summary /cLynn Goldman and Christine Coussens, rapporteurs ; Roundtable on Environmental Health Sciences, Research, and Medicine ; Board on Population Health and Public Health Practice ; Institute of Medicine of the National Academies. aWashington, D.C. :bNational Academies Press,cc2007. axii, 88 p. :bill., maps. aIncludes bibliographical references. aElectronic reproduction.bPalo Alto, Calif. :cebrary,d2009.nAvailable via World Wide Web.nAccess may be limited to ebrary affiliated libraries. 0aHurricane Katrina, 2005. 0aEmergency managementzLouisiana. 0aNatural disastersxEnvironmental aspects. 7aElectronic books.2local1 aGoldman, Lynn.1 aCoussens, Christine.2 aInstitute of Medicine (U.S.).bRoundtable on Environmental Health Sciences, Research, and Medicine.2 aebrary, Inc.40uhttp://site.ebrary.com/lib/rucke/Doc?id=10178152zAn electronic book accessible through the World Wide Web; click to view